000 00583nam a2200229Ia 4500
003 OSt
005 20220918210824.0
006 a|||||r|||| 00| 0
007 ta
008 220917b |||||||| |||| 00| 0 eng d
024 _a122,204
037 _cTextual
040 _aARTS
_cARTS
_beng
041 _2eng
_aeng
082 _aV91:1:N7, L4
100 _aRajendra Singh K
_9119341
245 0 _aPolitics of the Indian ocean
260 _aNA
_bNA
_c1974
650 _aHISTORY
942 _hV91:1:N7, L4
_cTEXL
_2CC
999 _c245396
_d245396